Learning Resource and Development

Castle malice / (Record no. 19980)

MARC details
000 -LEADER
fixed length control field 01074cam a2200325 a 4500
001 - CONTROL NUMBER
control field castlemalice00ross
003 - CONTROL NUMBER IDENTIFIER
control field CaSfIA
005 - DATE AND TIME OF LATEST TRANSACTION
control field 20230525154922.0
007 - PHYSICAL DESCRIPTION FIXED FIELD--GENERAL INFORMATION
fixed length control field cr||||
008 - FIXED-LENGTH DATA ELEMENTS--GENERAL INFORMATION
fixed length control field 860903s1986 onc 000 1 eng
040 ## - CATALOGING SOURCE
Original cataloging agency NLC
Language of cataloging eng
Transcribing agency NLC
Modifying agency BGU
-- OCL
-- OCLCQ
-- CaSfIA
016 ## - NATIONAL BIBLIOGRAPHIC AGENCY CONTROL NUMBER
Record control number 860091856
020 ## - INTERNATIONAL STANDARD BOOK NUMBER
International Standard Book Number 0373320124 :
Terms of availability $2.25
020 ## - INTERNATIONAL STANDARD BOOK NUMBER
International Standard Book Number 9780373320127
035 ## - SYSTEM CONTROL NUMBER
System control number (OCoLC)16056260
043 ## - GEOGRAPHIC AREA CODE
Geographic area code e-it---
055 00 - CLASSIFICATION NUMBERS ASSIGNED IN CANADA
Classification number PS8535 O794
Item number C288 1986
055 02 - CLASSIFICATION NUMBERS ASSIGNED IN CANADA
Classification number PS8535*
082 04 - DEWEY DECIMAL CLASSIFICATION NUMBER
Classification number C813/.54
Edition number 19
029 0# - OTHER SYSTEM CONTROL NUMBER (OCLC)
OCLC library identifier NLC
System control number 860091856
100 1# - MAIN ENTRY--PERSONAL NAME
Personal name Ross, Marilyn,
Dates associated with a name 1912-
245 10 - TITLE STATEMENT
Title Castle malice /
Medium [electronic resource]
Statement of responsibility, etc. Marilyn Ross.
260 ## - PUBLICATION, DISTRIBUTION, ETC.
Place of publication, distribution, etc. Toronto :
Name of publisher, distributor, etc. Harlequin Books,
Date of publication, distribution, etc. 1986.
300 ## - PHYSICAL DESCRIPTION
Extent 220 p. ;
Dimensions 17 cm.
490 0# - SERIES STATEMENT
Series statement Harlequin gothic romance
651 #0 - SUBJECT ADDED ENTRY--GEOGRAPHIC NAME
Geographic name Riviera (Italy)
Form subdivision Fiction.
655 #7 - INDEX TERM--GENRE/FORM
Genre/form data or focus term Romantic suspense fiction.
Source of term gsafd
856 41 - ELECTRONIC LOCATION AND ACCESS
Uniform Resource Identifier <a href="http://www.archive.org/details/castlemalice00ross">http://www.archive.org/details/castlemalice00ross</a>
Public note Free eBook from the Internet Archive
856 42 - ELECTRONIC LOCATION AND ACCESS
Uniform Resource Identifier <a href="http://www.openlibrary.org/books/OL7416500M">http://www.openlibrary.org/books/OL7416500M</a>
Public note Additional information and access via Open Library
Holdings
Withdrawn status Lost status Damaged status Not for loan Collection Home library Current library Date acquired Total Checkouts Date last seen Price effective from Koha item type
        Project Gutenberg Main Library Main Library 05/25/2023   05/25/2023 05/25/2023 EBooks